Exposure of plantation workers to glyphosate during mist blower application (Record no. 59165)

MARC details
000 -LEADER
fixed length control field 00420nam a2200157Ia 4500
100 ## - MAIN ENTRY--AUTHOR NAME
Personal name Manning M J
245 #0 - TITLE STATEMENT
Title Exposure of plantation workers to glyphosate during mist blower application
260 ## - PUBLICATION, DISTRIBUTION, ETC. (IMPRINT)
Name of publisher Planter
Year of publication 1992
300 ## - PHYSICAL DESCRIPTION
Number of Pages 349-354
650 ## - SUBJECT ADDED ENTRY--TOPICAL TERM
Topical Term Glyphosate
650 ## - SUBJECT ADDED ENTRY--TOPICAL TERM
Topical Term Mist blower application
700 ## - ADDED ENTRY--PERSONAL NAME
Personal name Cowell J E
700 ## - ADDED ENTRY--PERSONAL NAME
Personal name Teng Y T
942 ## - ADDED ENTRY ELEMENTS (KOHA)
Koha item type Journals
Holdings
Withdrawn status Lost status Damaged status Not for loan Home library Current library Date acquired Serial Enumeration / chronology Koha item type
      Journals RRII Library RRII Library 17/12/2021 Volume 68, Issue 796 Journals